[Event "Minsk zt 1.8"]
[Site "Minsk"]
[Date "2000.06.02"]
[Round "7"]
[White "Zulfugarli, Magomed"]
[Black "Aleksandrov, Aleksej"]
[Result "1/2-1/2"]
[WhiteElo "2479"]
[BlackElo "2606"]
[PlyCount "98"]
[EventDate "2000.05.26"]
[EventType "tourn"]
[EventRounds "13"]
[EventCountry "BLR"]
[EventCategory "8"]
[SourceTitle "EXT 2001"]
[Source "ChessBase"]
[SourceDate "2000.11.22"]
[SourceVersion "1"]
[SourceVersionDate "2000.11.22"]
[SourceQuality "1"]

1. e4 e5 2. Nf3 Nc6 3. Bb5 Nf6 4. 0-0 Nxe4 5. d4 Nd6 6. Bxc6 dxc6 7. dxe5 Nf5 8. Qxd8+ Kxd8 9. Nc3 Ke8 10. h3 a5 11. Ne2 Ne7 12. Ng3 a4 13. a3 h6 14. Re1 c5 15. Bd2 Be6 16. Rad1 Rd8 17. Ne4 Nd5 18. g4 b5 19. Kg2 Kd7 20. c4 bxc4 21. Nc3 Kc6 22. Nxa4 Rb8 23. Rb1 Be7 24. Nc3 Rhd8 25. Red1 h5 26. Nxd5 Rxd5 27. Bc3 hxg4 28. hxg4 Rxd1 29. Rxd1 Bxg4 30. Kg3 Be6 31. Kf4 Rh8 32. Rg1 g6 33. Ng5 Bd5 34. Ke3 Rh4 35. Rg3 Kb5 36. f4 Rh1 37. Rh3 Rg1 38. Nxf7 Be6 39. Rh7 Rg3+ 40. Kf2 Rg4 41. Kf3 Bh4 42. Ng5 Rg3+ 43. Ke2 Bxg5 44. fxg5 Kc6 45. Re7 Bf5 46. a4 Rxg5 47. a5 Rg1 48. Kf2 Rd1 49. Rg7 Rd3 1/2-1/2